| 000 | 00882nmm a2200325 a 4500 | ||
|---|---|---|---|
| 003 | AR-BaBNM | ||
| 005 | 20251128205419.0 | ||
| 008 | 107119s1994 ||||||||||||||000 | spa|| | ||
| 020 | _a92-3-302949-2 | ||
| 040 | _cAR-BaBNM | ||
| 100 | 1 | _aMayor Zaragoza, Federico | |
| 245 | 1 | 0 | _aLa nueva página |
| 260 |
_aBarcelona _bUnesco _bCírculo de lectores _bGalaxia Gutenberg _c1994 |
||
| 300 | 0 |
_a189 p. _bláms. |
|
| 650 | 4 | _aEDUCACION PARA LA PAZ | |
| 650 | 4 | _aVIOLENCIA | |
| 650 | 4 | _aCRISIS CULTURAL | |
| 650 | 4 | _aCAMBIO CULTURAL | |
| 650 | 4 | _aCONFLICTO SOCIAL | |
| 650 | 4 | _aPROBLEMAS SOCIALES | |
| 650 | 4 | _aGUERRA | |
| 650 | 4 | _aPAZ | |
| 650 | 4 | _aRELACIONES INTERNACIONALES | |
| 650 | 4 | _aDERECHOS HUMANOS | |
| 650 | 4 | _aCIENCIAS POLITICAS | |
| 700 | 1 |
_aForstenzer, Tom _ecolaborador |
|
| 700 | 1 |
_aPrigogine, Ilya _eprologuista |
|
| 942 | _cBK | ||
| 998 | _cmariana | ||
| 999 |
_c11344 _d11344 |
||